| 000 | 00849cam a22002655a 4500 | ||
|---|---|---|---|
| 001 | 016732013 | ||
| 003 | OSt | ||
| 006 | m||||f ||z 00| 0 | ||
| 008 | 140603t2014 nyua fr 000 0 eng d | ||
| 020 | _a9780071315975 (set) | ||
| 020 | _a9781259060533 (paperback) | ||
| 020 | _a9780077785987 (CD Rom) | ||
| 040 |
_aUk _beng _cUk _dEG-ScBUE |
||
| 082 | 0 | 4 |
_222 _a671.35 _bFIT |
| 100 | 1 |
_aFitzpatrick, Michael. _938744 |
|
| 245 | 1 | 0 |
_aMachining and CNC technology / _cMichael Fitzpatrick. |
| 250 | _a3rd ed., McGraw-Hill international ed. | ||
| 260 |
_aNew York : _bMcGraw-Hill, _cc.2014. |
||
| 300 |
_axv, 856 p. : _bill. (col.) ; _c27 cm. + _eCD-ROM (4 3/4 in.) |
||
| 500 | _aIndex : p. 839-856. | ||
| 504 | _aBibliography : p. 835-838. | ||
| 650 | 0 |
_2BUEsh _aMachine-tools _xNumerical control |
|
| 653 |
_bENGGEN _cNovember2015 |
||
| 942 | _2ddc | ||
| 999 |
_c20649 _d20621 |
||